<?xml version="1.0" encoding="UTF-8"?>
<record
    xmlns:xsi="http://www.w3.org/2001/XMLSchema-instance"
    xsi:schemaLocation="http://www.loc.gov/MARC21/slim http://www.loc.gov/standards/marcxml/schema/MARC21slim.xsd"
    xmlns="http://www.loc.gov/MARC21/slim">

  <leader>00547nam a2200169Ia 4500</leader>
  <controlfield tag="008">090711s9999    xx            000 0 und d</controlfield>
  <datafield tag="082" ind1=" " ind2=" ">
    <subfield code="b">1212</subfield>
  </datafield>
  <datafield tag="100" ind1=" " ind2=" ">
    <subfield code="a">&#x935;&#x91D;&#x947; &#x917;&#x93E;&#x92F;&#x928;&#x93E;S&#x93E;&#x93E;&#x930;&#x94D;&#x92F; &#x930;&#x93E;.</subfield>
  </datafield>
  <datafield tag="245" ind1=" " ind2=" ">
    <subfield code="a">&#x938;&#x94B;&#x928;&#x94D;&#x92F;&#x93E;S&#x93E;&#x93E; &#x915;&#x933;&#x938;</subfield>
  </datafield>
  <datafield tag="260" ind1=" " ind2=" ">
    <subfield code="c">1970</subfield>
  </datafield>
  <datafield tag="300" ind1=" " ind2=" ">
    <subfield code="a">107</subfield>
  </datafield>
  <datafield tag="600" ind1=" " ind2=" ">
    <subfield code="a">&#x935;&#x91D;&#x947; &#x917;&#x93E;&#x92F;&#x928;&#x93E;S&#x93E;&#x93E;&#x930;&#x94D;&#x92F; &#x930;&#x93E;.</subfield>
  </datafield>
  <datafield tag="630" ind1=" " ind2=" ">
    <subfield code="a">&#x938;&#x94B;&#x928;&#x94D;&#x92F;&#x93E;S&#x93E;&#x93E; &#x915;&#x933;&#x938;</subfield>
  </datafield>
  <datafield tag="700" ind1=" " ind2=" ">
    <subfield code="a">&#x935;&#x91D;&#x947; &#x917;&#x93E;&#x92F;&#x928;&#x93E;S&#x93E;&#x93E;&#x930;&#x94D;&#x92F; &#x930;&#x93E;.</subfield>
  </datafield>
  <datafield tag="730" ind1=" " ind2=" ">
    <subfield code="a">&#x938;&#x94B;&#x928;&#x94D;&#x92F;&#x93E;S&#x93E;&#x93E; &#x915;&#x933;&#x938;</subfield>
  </datafield>
  <datafield tag="942" ind1=" " ind2=" ">
    <subfield code="c">BOOK</subfield>
  </datafield>
  <datafield tag="999" ind1=" " ind2=" ">
    <subfield code="c">338219</subfield>
    <subfield code="d">338219</subfield>
  </datafield>
</record>
